Canzoni dei Queen - Morte Improvvisa - Statistics

Statistiche generali
  • Questo quiz è stato fatto 264 volte
  • Il punteggio medio è 13 su 20
Answers on the Grid
Answers color-coded by a green-red scale on the quiz's grid according to % correct below.
A Kind Of Magic
All The King's Men
Another One Bites The Dust
Babooshka
Bicycle Race
Bohemian Rhapsody
Crazy Little Thing Called Love
Dancing Queen
Don't Stop Me Now
Double Vision
Fat Bottomed Girls
Flash
Foxy Lady
I Want It All
I Want To Break Free
Keep Yourself Alive
Killer Queen
Life On Mercury
Money
Pinball Wizard
Radio Ga Ga
Rocket Man
Somebody To Love
The Girl Is Mine
The Show Must Go On
There Can Be Only One
Under Pressure
We Are The Champions
We Will Rock You
Who Wants To Live Forever
Whole Lotte Love
You're My Best Friend
Zanzibar
 
Statistiche sulle risposte
Risposta % Corretto
Bohemian Rhapsody
89%
We Are The Champions
86%
We Will Rock You
86%
Don't Stop Me Now
85%
Radio Ga Ga
84%
I Want To Break Free
83%
The Show Must Go On
82%
Another One Bites The Dust
79%
Somebody To Love
75%
A Kind Of Magic
68%
Under Pressure
67%
I Want It All
63%
Who Wants To Live Forever
62%
Killer Queen
59%
Crazy Little Thing Called Love
55%
Bicycle Race
46%
Fat Bottomed Girls
42%
You're My Best Friend
38%
Keep Yourself Alive
32%
Flash
23%
Nessun quiz corrispondente trovato
Distribuzione punteggi
Percentuale di utenti per punteggio
Percentile per numero di risposta
I tuoi punteggi nel tempo
Non hai fatto questo quiz